000 01143nam a22003257a 4500
003 CHAP
005 20220329135227.0
008 971013s1982 r 00010 d
010 _a32938
011 _a33910
035 _a38026
040 _cCHAP
090 _aTesis
100 0 0 _aLorenzana Basaldúa, Rafael.
_968530
245 _aComparación productiva con cuatro diferentes densidades de población de pollo productor de carne en la región de Celaya, Gto.
260 _aMéxico, D.F. :
_bEl autor,
_c1982
300 _a57 h.
502 _aTesis (Médico Veterinario Zootecnista) -- UNAM. Fac. de Medicina Veterinaria y Zootecnia
590 _aALEPH
_b10
_c20130110
_lUCH01
_h1257
590 _aBATCH-UPD
_b10
_c20130110
_lUCH01
_h1622
590 _aBATCH-UPD
_b10
_c20130410
_lUCH01
_h1016
590 _aBATCH-UPD
_b10
_c20130914
_lUCH01
_h0443
590 _aBATCH-UPD
_b10
_c20130914
_lUCH01
_h2029
590 _aCONVERSION
_b10
_c20130109
_lUCH01
_h1319
650 1 4 _aAves de corral
_xGuanajauato.
_98651
650 1 4 _aCarne de pollo
_xProducción.
_919170
901 _aBK
942 _cTESIS
949 _bBC
_cTES
_d-87053
_eTS1
_i38026
_si
999 _c32938
_d32938